Statistics for Famous People From New Zealand

Click here to take the quiz!

General Stats

  • This quiz has been taken 28 times
  • The average score is 4 of 10

Answer Stats

HintAnswer% Correct
First to climb Mt EverestSir Edmund Hillary
100%
Film director and producerPeter Jackson
75%
Singer/Song writerLorde
50%
Discovered alpha and beta raysErnest Rutherford
39%
Stared in "Gladiator"Russel Crowe
29%
Filmmaker and actorTaika Waititi
29%
Played Éomer in the Lord of the RingsKarl Urban
14%
Played Jango Fett and AquamanTemuera Morrison
14%
Blackpink singerRose
11%
Played Russell Collins in Deadpool 2Julian Dennison
7%

Score Distribution

Percentile by Number Answered

Percent of People with Each Score

Your Score History

You have not taken this quiz